00506 2200205 4500001002100000005001700021035002400038040001200062082001000074084001800084100001700102245004600119250001000165260003800175300002700213650002100240850001200261990001500273990001200288YOGYA00000000001581820170314133631.0 0010-081400000015536 aYOPDYOG a028.5 aK 028.5 Dis M aDisney, Walt aMiki tikus balapan sepeda /cDisney, Walt acet 1 aJakartabGaya Favorit Pressc1989 a22 Hlm.bIlus.c22 cm. aBacaan anak-anak aYOPDYOG a51597-P/94 a31892-P